Red Foods by Picture - Statistics

General Stats
  • This quiz has been taken 254 times
  • The average score is 9 of 12
Answer Stats
Picture Hint Answer % Correct
Apple
99%
Cherry
99%
Tomato
99%
Strawberry
97%
Watermelon
96%
Pepper
91%
Raspberry
88%
Pomegranate
83%
Cranberry
57%
Rhubarb
50%
Be Specific Red Potato
42%
Beetroot
39%
No matching quizzes found
Score Distribution
Percent of People with Each Score
Percentile by Number Answered
Your Score History
You have not taken this quiz